00858nam a2200181Ia 4500001001000000003000500010008004100015010001100056040000900067082002100076100002300097245007900120260005400199300001000253440002000263500025000283650014300533Para_2672CHAP220125s1934 xx 000 0 und d a201206 cCHAP aPA-C 595.752 A54 aTakahaski, Ryoichi aObservations on the coccidae of Formosa, pte. IV /c by Ryoichi Takahashi aFormosa :b Dept. of Agric. Gover Research Inst. a38 p. aAleyrodidae; 15 aSobretiro de: Formosa. Department of Agriculture Government Research Institute Formosa, Japan Report; 63. Encuadernado con: Notes on the english and american rades of the greenhouse white-Fly (Trialeurodes vaporarium) by Franz Schrader 70-139 aAleurodidae x Colecciones de escritos Coccidaex Formosa I. Formosa. Department of Agriculture Government Research Institute. Report; 63